Význam a možnosti optimalizace struktury a střídání plodin v systémech hospodaření na půdě : uplatněná certifikovaná metodika /

Hlavní autor: Procházková, Blanka, 1946-
Jazyk: Čeština
Vydáno: V Brně : Mendelova univerzita, 2011
Témata:
Fyzický popis: 46 s. : barev. il. ; 21 cm
Language note: Anglické resumé
Knihy
Uloženo v:
LEADER 01469nam a2200397 a 4500
001 nkc20112266880
003 CZ PrNK
005 20220926094715.0
007 ta
008 120109s2011 xr a e f 000 0 cze
015 |a cnb002266880 
020 |a 978-80-7375-525-6  |q (brož.) 
035 |a (OCoLC)776514960 
040 |a ABA001  |b cze 
041 0 |a cze  |b eng 
072 7 |a 631  |x Zemědělství. Pedologie. Agrotechnika. Agroekologie  |2 Konspekt  |9 24 
080 |a 631.582  |2 MRF 
080 |a 633.01/.04  |2 MRF 
080 |a (083.744)  |2 MRF 
100 1 |a Procházková, Blanka,  |d 1946-  |7 jx20050311003  |4 aut 
245 1 0 |a Význam a možnosti optimalizace struktury a střídání plodin v systémech hospodaření na půdě :  |b uplatněná certifikovaná metodika /  |c Blanka Procházková a kolektiv 
260 |a V Brně :  |b Mendelova univerzita,  |c 2011 
300 |a 46 s. :  |b barev. il. ;  |c 21 cm 
504 |a Obsahuje bibliografie 
546 |a Anglické resumé 
650 0 7 |a střídání plodin  |7 ph126256  |2 czenas 
650 0 7 |a pěstování polních rostlin  |7 ph183359  |2 czenas 
650 0 9 |a crop rotation  |2 eczenas 
650 0 9 |a field crops cultivation  |2 eczenas 
655 7 |a certifikované metodiky  |7 fd806827  |2 czenas 
655 9 |a certified methodology  |2 eczenas 
910 2 |a BOA001  |b 2-1279.082 
990 |a BK 
995 |a 01 
991 |b 201202  |c NOV  |e n 
996 6 |b 2610499577  |c 2-1279.082  |l MZK  |r Sklad / do 1 hodiny  |n 3  |p p.v.  |w 001223548  |u 000010  |a 1  |e BOA001  |j MZK50  |s P